| 000 | 00584cam a2200193 a 4500 | ||
|---|---|---|---|
| 001 | 13959351 | ||
| 005 | 20240311013949.0 | ||
| 008 | 050510s2005 ce b 100 0 eng | ||
| 020 | _a9555800960 | ||
| 040 |
_aDLC _cDLC |
||
| 082 |
_222 _a323.4 _bCUL. |
||
| 245 | 1 | 0 |
_aCultural minorities of Sri Lanka : _btheir growth, achievements, and relevance today / _cedited by E. Vijayalakshmi. |
| 260 |
_aColombo : _bInternational Centre for Ethnic Studies, _c2005. |
||
| 300 | _avii, 107 p. ; | ||
| 650 | 0 | _aEthnology | |
| 650 | 0 | _aMinorities | |
| 700 | 1 |
_aVijayalakshmi, E. _eedt |
|
| 942 | _cL | ||
| 999 |
_c563 _d563 |
||